| 000 | 00770cam a2200217 4500 | ||
|---|---|---|---|
| 999 |
_c108364 _d108364 |
||
| 005 | 20200124101140.0 | ||
| 008 | 160114b spa||||| |||| 00| 0 spa d | ||
| 020 | _a8481554073 | ||
| 050 | 0 | 4 |
_aK355 _bL54 1998 |
| 100 | 1 |
_aLledó Yagüe, Francisco _eautor |
|
| 245 | 1 | 0 |
_aTeoría general para un entendimiento razonable de los episodios del mundo del derecho _c/ Francisco Lledó Yagüe , Manuel Ma. Zorrilla Ruiz. |
| 250 | _a1a ed. | ||
| 260 |
_aMadrid : _bDykinson , _c1998 |
||
| 300 |
_a675 p. ; _c24 cm. |
||
| 504 | _aIncluye bibliografía :p.657-675 | ||
| 506 | _aDonación por la dirección de la escuela | ||
| 650 | 7 |
_2lemb _aTeoría del derecho |
|
| 650 | 7 |
_2lemb _aFilosofía del derecho |
|
| 700 | 1 |
_aZorrilla Ruiz, Manuel María, _eautor |
|
| 942 |
_2lcc _cLIB |
||